000 00527cam a22001697a 4500
008 180718b2001 xxu||||| |||| 00| 0 eng d
020 _a0195797167
082 _aAB7x547 J329
100 _aJawed, Nasim A.
245 _aIslam's political culture: religion and politics in predivided Pakistan
_cby Nasim A. Jawed
260 _aOxford
_bOxford Univ. Press
_c2001
300 _a294p.
650 _aIslam - Pakistan
650 _aReligion and politics
650 _aPakistan - Religion
650 _aPolitical culture - Pakistan
999 _c399185
_d399185